Te quiero mucho, hasta manana / (Record no. 20976)

MARC details
000 -LEADER
fixed length control field 00922nam a2200301Ii 4500
001 - CONTROL NUMBER
control field 824420025
003 - CONTROL NUMBER IDENTIFIER
control field OCoLC
005 - DATE AND TIME OF LATEST TRANSACTION
control field 20180623205217.0
008 - FIXED-LENGTH DATA ELEMENTS--GENERAL INFORMATION
fixed length control field 130115s2012 nyua b 000 0 spa d
020 ## - INTERNATIONAL STANDARD BOOK NUMBER
International Standard Book Number 9780545456883 (Board)
020 ## - INTERNATIONAL STANDARD BOOK NUMBER
International Standard Book Number 0545456886 (Board)
040 ## - CATALOGING SOURCE
Original cataloging agency IJV
Description conventions rda
Transcribing agency IJV
041 1# - LANGUAGE CODE
Language code of text/sound track or separate title spa
092 ## - LOCALLY ASSIGNED DEWEY CALL NUMBER (OCLC)
Classification number E
Item number Church
100 1# - MAIN ENTRY--PERSONAL NAME
Personal name Church, Caroline.
240 10 - UNIFORM TITLE
Uniform title <a href="Good Night, I Love You.">Good Night, I Love You.</a>
Language of a work Spanish.
245 10 - TITLE STATEMENT
Title Te quiero mucho, hasta manana /
Statement of responsibility, etc. Caroline Jayne Church.
260 ## - PUBLICATION, DISTRIBUTION, ETC. (IMPRINT)
Place of publication, distribution, etc. New York :
Name of publisher, distributor, etc. Scholastic ;
Date of publication, distribution, etc. c2012.
300 ## - PHYSICAL DESCRIPTION
Extent 1 volume (unpaged) :
Other physical details color illustrations ;
Dimensions 21 cm.
336 ## - CONTENT TYPE
Content type term text
Content type code txt
Source rdacontent.
337 ## - MEDIA TYPE
Media type term unmediated
Media type code n
Source rdamedia.
338 ## - CARRIER TYPE
Carrier type term volume
Carrier type code nc
Source rdacarrier.
490 1# - SERIES STATEMENT
Series statement Scholastic en espanol.
650 #0 - SUBJECT ADDED ENTRY--TOPICAL TERM
Topical term or geographic name as entry element Spanish language materials
Form subdivision Juvenile fiction.
700 1# - ADDED ENTRY--PERSONAL NAME
Personal name Lombana, Juan Pablo.
830 #0 - SERIES ADDED ENTRY--UNIFORM TITLE
Uniform title Scholastic en espanol.
942 ## - ADDED ENTRY ELEMENTS (KOHA)
Koha item type Libro/Book
Source of classification or shelving scheme Dewey Decimal Classification
Holdings
Withdrawn status Lost status Damaged status Not for loan Home library Current library Date acquired Total Checkouts Barcode Date last seen Date checked out Price effective from Koha item type
        San Juan Del Sur -- Biblioteca San Juan Del Sur -- Biblioteca 24/09/2014 6 30006114 13/04/2015 09/04/2015 24/09/2014 Libro/Book

Powered by Koha